| 000 | 00535nam a2200241Ia 4500 | ||
|---|---|---|---|
| 008 | 210210b1859 xxu||||| |||| 00| 0 eng d | ||
| 041 | _aeng | ||
| 082 | _a940/189 | ||
| 100 | _aPRESCOTT (W H) | ||
| 245 | _aHistory of the reign of Philip II Vol I | ||
| 260 |
_aLondon _bRoutledge & Kegan Paul Ltd. _c1859 |
||
| 440 | _a1 | ||
| 650 | _aVol | ||
| 650 | _athe | ||
| 650 | _areign | ||
| 650 | _aPhilip | ||
| 650 | _aof | ||
| 650 | _aII | ||
| 650 | _aI | ||
| 650 | _aHistory | ||
| 690 | _aEuropean History | ||
| 906 | _a025258 | ||
| 999 |
_c77907 _d77907 |
||